00257 a2200097 450000100060000004000260000610000210003224000400005324500350009365000310012848507 cAnchieta - Bela Vista aGalrão, Martha10aConvivendo com as diferençaslpor10aConvivendo com as diferenças 4aLiteratura infanto-juvenil